000
00204nam a22000857a 4500
008
240831b |||||||| |||| 00| 0 eng d
020
_a
9788779897663
100
_a
Hubbard Ron L
_9
7792
245
_a
Self Analysis
999
_c
12634
_d
12634